000 01113nam a2200313 i 4500
001 11469
003 KOSZ 005
005 20200630132824.0
008 071127s1967 pl a f f |000 0 pol
015 _aPB 1967/3871
035 _a(OCoLC)749775330
040 _aWA N
_cKOSZ 005/EG
_dKOSZ 005/EG
041 _apol
080 _a159.9
080 _a37.015.3
100 1 _aBaley, Stefan.
_d(1885-1952).
_eAutor
245 1 0 _aPsychologia wychowawcza w zarysie /
_cStefan Baley ; [oprac. Maria Żebrowska ; S. Błachowski: przedmowa].
250 _aWyd. 7.
260 _aWarszawa :
_bPaństwowe Wydawnictwo Naukowe,
_c1967.
300 _a450, [1] s., [1] k. tabl. :
_bil. ;
_c26 cm.
380 _aKsiążki.
658 _aPsychologia
650 4 _aPsychologia wychowawcza
700 1 _aŻebrowska, Maria
_d(1900-1978).
_eOpracowanie
700 1 _aBłachowski, Stefan
_d(1889-1962).
_ePrzedmowa
710 2 _aPaństwowe Wydawnictwo Naukowe
_4pbl.
856 _uhttp://koha.tu.koszalin.pl/cgi-bin/koha/opac-detail.pl?biblionumber=11469
_yKatalog online BPK
942 _2UKD
_cKS
999 _c11469
_d11469